01263nam a2200325 a 450000100100000000500170001000800410002702000150006804000250008304100380010808200150014610000420016124000530020324501030025626000730035930000260043249000290045850000420048750400410052953400600057065000170063065000220064765000210066965000310069070000350072183000360075604900090079295201190080199900170092000002442920240514073717.0110127s1991 ve r 000 0 spa d a9800109471 aDO-SdBNPbspacBNPHU17aspaheng2Código de idioma MARC a170bW721e1 aWilliams, Bernard,d1929-2003.95007910aEthics and the limits of philosophy.lEspañol.10aLa ética y los límites de la filosofía /cBernard Williams ; traducción Luis Castro Leiva. aCaracas, Venezuela :bMonte Ávila Editores Latinoamericana,c1991. a262, [4] p. ;c24 cm.1 aPensamiento filosófico aIncluye notas al pie de las páginas aIncluye referencias bibliográficas aTítulo original:tEthics and the limits of philosophy 0aÉtica9509 0aFilosofía 9813 4aBien y mal91306 4aRelativismo ético9500801 aCastro Leiva, Luisetr.950081 0aPensamiento filosófico950082 aBNGR 001054708MOaGRbGRcCTd2011-01-27iLF1l0o170 W721ep24429-10r2020-06-25w2020-06-25y4ZPréstamo en sala c23922d23922